Score 0/27 Timer 06:00
0 Plays Today
% Correct
Cabo Faso
95.3%
South D'Ivoire
95%
Zimbabique
94.3%
Democratic Republic of Sudan
94.1%
Egyundi
93%
Central Tomé and Príncipe
93%
Erithiopia
93%
Djibelles
92.7%
Madaoros
92.4%
Botswi
91.1%
Somaroon
90.6%
Chanda
90.2%
Equabya
88.3%
Tanza-Bissau
88.1%
% Correct
Sierra Geria
87.1%
Nigerola
85.1%
Ugongo
84.4%
The Gana
84.1%
Mauriotho
84.1%
Bengal
83.6%
Tuger
82.1%
Maurinya
81.9%
Morombia
80.6%
Eswago
80.3%
Liberli
79.7%
Subia
78.3%
Guinon
77%
Remove Ads.
Support Sporcle.
Get the best of Sporcle when you Go Orange. This ad-free experience offers more features, more stats, and more fun while also helping to support Sporcle. Thank you for becoming a member.

You're not logged in!

Compare scores with friends on all Sporcle quizzes.
OR
Log In

Show Comments

Extras

Top Quizzes Today


Score Distribution

Your Account Isn't Verified!

In order to create a playlist on Sporcle, you need to verify the email address you used during registration. Go to your Sporcle Settings to finish the process.

Report this User

Report this user for behavior that violates our Community Guidelines.

Details: